[Event "Detroit (Class A/4/5)"]
[Site "?"]
[Date "1996.??.??"]
[Round "?"]
[White "Golonka, Stan"]
[Black "Garrison, Ray"]
[Result "0-1"]
[WhiteElo "1975"]
[BlackElo "1995"]
[PlyCount "98"]
[EventDate "1996.??.??"]

{4/(5)} 1. c4 e5 2. Nc3 Nc6 3. g3 g6 4. Bg2 Bg7 5. e4 d6 6. Nge2 Be6 7. d3 Nce7
8. O-O Qd7 9. Qb3 c6 10. a4 h5 11. h4 Nf6 12. Qc2 a5 13. b3 Bh3 14. f3 Bxg2 15.
Kxg2 O-O 16. Be3 d5 17. Bg5 d4 18. Nd1 Ne8 19. Nf2 f5 20. Qd2 Nc7 21. Bh6 Ne6
22. Bxg7 Kxg7 23. Rae1 f4 24. Nh3 fxg3 25. f4 Nc5 26. f5 Rf6 27. Qg5 Nxd3 28.
Nxg3 Nxe1+ 29. Rxe1 Kf7 30. Rf1 gxf5 31. exf5 Rh8 32. Kh2 e4 33. Nxh5 Qd6+ 34.
Kh1 Rg8 35. Qxf6+ Qxf6 36. Nxf6 Kxf6 37. Ng5 e3 38. Nh7+ Kg7 39. Ng5 Kf6 40.
Nh7+ Kg7 41. Ng5 Kh6 42. Nf7+ Kh5 43. Ne5 e2 44. Re1 Nxf5 45. Kh2 Re8 46. Nd3
Re3 47. Nf4+ Kg4 48. Ng2 d3 49. Nxe3+ Nxe3 0-1

[Event "Detroit (WCO/2/3)"]
[Site "?"]
[Date "1996.??.??"]
[Round "?"]
[White "Golonka, Stan"]
[Black "Frantz, John W"]
[Result "1-0"]
[WhiteElo "1930"]
[BlackElo "1605"]
[PlyCount "77"]
[EventDate "1996.??.??"]

{2/(3)} 1. c4 c5 2. Nc3 e6 3. e4 Nc6 4. g3 Nf6 5. Bg2 Ne5 6. d3 h6 7. f4 Ng6 8.
Nge2 d6 9. O-O Be7 10. h3 O-O 11. Be3 Re8 12. Qe1 Rb8 13. Rd1 Bd7 14. Qf2 b5
15. b3 b4 16. Nb1 Qc8 17. g4 a5 18. g5 hxg5 19. fxg5 e5 20. gxf6 Bxf6 21. Qg3
Bh4 22. Qf3 f6 23. Bf2 Kf7 24. Bxh4 Nxh4 25. Qh5+ Ng6 26. Rf5 Rh8 27. Qf3 Nh4
28. Qf2 Nxf5 29. exf5 Bxf5 30. h4 Rh6 31. Ng3 Rxh4 32. Nxf5 Qh8 33. Qxh4 Qf8
34. Qh5+ Ke6 35. Bd5+ Kd7 36. Qg6 Kc7 37. Qxg7+ Qxg7+ 38. Nxg7 Rf8 39. Ne6+ 1-0

[Event "Eastpointe (EDO/3/5)"]
[Site "?"]
[Date "1996.??.??"]
[Round "?"]
[White "Golonka, Stan"]
[Black "DeKerpel, S."]
[Result "1/2-1/2"]
[WhiteElo "1900"]
[BlackElo "2025"]
[PlyCount "47"]
[EventDate "1996.??.??"]

{3/(5)} 1. c4 c5 2. Nc3 Nc6 3. g3 g6 4. Bg2 Bg7 5. d3 Nf6 6. e4 d6 7. Nge2 O-O
8. O-O a6 9. h3 Rb8 10. f4 Bd7 11. Be3 b5 12. Qd2 b4 13. Nd1 Qc7 14. Rc1 Ne8
15. g4 Nd4 16. Nxd4 cxd4 17. Bf2 f5 18. exf5 gxf5 19. g5 Bc6 20. Bxc6 Qxc6 21.
Bg3 e5 22. Qh2 e4 23. dxe4 Qxe4 24. Re1 1/2-1/2

[Event "Lansing (MI Op/2/17)"]
[Site "?"]
[Date "1996.??.??"]
[Round "?"]
[White "Golonka, Stan"]
[Black "Brooks, John"]
[Result "1-0"]
[WhiteElo "1900"]
[BlackElo "2245"]
[PlyCount "96"]
[EventDate "1996.??.??"]

{2/(17)} 1. c4 e5 2. Nc3 f5 3. g3 Nf6 4. Bg2 c6 5. d4 e4 6. f3 d5 7. fxe4 fxe4
8. cxd5 cxd5 9. Bg5 Bb4 10. Qb3 Nc6 11. e3 Bg4 12. h3 Bh5 13. g4 Bf7 14. Nge2
h6 15. Bh4 g5 16. Bg3 a5 17. O-O O-O 18. Rf2 b6 19. Raf1 Be7 20. a3 Kg7 21. Bh2
a4 22. Qa2 Na5 23. Be5 Bg8 24. Ng3 Kh7 25. Nf5 Nd7 26. Nxe7 Rxf2 27. Rxf2 Qxe7
28. Nxd5 Nxe5 29. Bxe4+ Kg7 30. Nxe7 Bxa2 31. Nf5+ Kh8 32. Bxa8 Nd3 33. Rd2 Bb1
34. Be4 Ne1 35. Re2 Bxe4 36. Rxe1 h5 37. Nd6 Bd3 38. gxh5 Nb3 39. Nf7+ Kg7 40.
Nxg5 Kh6 41. Ne6 Bf5 42. Nf4 Nd2 43. Rc1 b5 44. Rc5 Bd7 45. Rd5 Be8 46. Rd8 Bf7
47. Rb8 Nc4 48. Rxb5 Kh7 1-0

[Event "Detroit (MI Team/1/3/2)"]
[Site "?"]
[Date "1996.??.??"]
[Round "?"]
[White "Goerke, Jesse"]
[Black "Wysocki, Jason"]
[Result "0-1"]
[WhiteElo "1605"]
[BlackElo "2105"]
[PlyCount "52"]
[EventDate "1996.??.??"]

{1/3} 1. e4 c6 2. Nf3 d5 3. Nc3 d4 4. Ne2 c5 5. c3 dxc3 6. Nxc3 Nc6 7. Bb5 Bd7
8. Ne2 a6 9. Ba4 b5 10. Bb3 c4 11. Bc2 Nb4 12. Ned4 Qb6 13. O-O e5 14. Nf5 g6
15. Ng3 Bg4 16. Bb1 h5 17. h3 h4 18. hxg4 hxg3 19. Qe2 Bc5 20. Nxe5 gxf2+ 21.
Rxf2 Bxf2+ 22. Qxf2 Rh1+ 23. Kxh1 Qxf2 24. a3 Nf6 25. axb4 O-O-O 26. Rxa6 Rh8#
0-1

[Event "Detroit (WCO/3/12)"]
[Site "?"]
[Date "1996.??.??"]
[Round "?"]
[White "Goerke, Jesse"]
[Black "Vaughn, Gerald"]
[Result "0-1"]
[WhiteElo "1605"]
[BlackElo "1605"]
[PlyCount "109"]
[EventDate "1996.??.??"]

{3/(12)} 1. e4 c5 2. Nf3 Nc6 3. Bc4 e6 4. Nc3 Nf6 5. d3 h6 6. Be3 d6 7. Bb5 Bd7
8. d4 cxd4 9. Nxd4 Rc8 10. Nxc6 bxc6 11. Ba4 Qa5 12. Qd4 c5 13. Bxd7+ Nxd7 14.
Qa4 Qxa4 15. Nxa4 Nf6 16. Nc3 Rb8 17. O-O Rxb2 18. Rfc1 Be7 19. Rab1 Rxb1 20.
Rxb1 O-O 21. Rb7 Bd8 22. Rxa7 Ng4 23. Rd7 Ba5 24. Nb5 Nxe3 25. fxe3 Bd2 26. Kf2
Bb4 27. Nxd6 f5 28. exf5 exf5 29. Kf3 Bc3 30. Kf4 g5+ 31. Kf3 f4 32. e4 Ra8 33.
Rc7 Be5 34. Rc8+ Rxc8 35. Nxc8 Kf7 36. a4 Bc7 37. Na7 c4 38. Nc6 Ke6 39. Kg4
Kd6 40. Nd4 Ke5 41. Nb5 Bb6 42. Kh5 Kxe4 43. Kxh6 g4 44. Kh5 f3 45. gxf3+ gxf3
46. Nc3+ Kd4 47. Nd1 Ke4 48. Kg4 f2 49. Nc3+ Ke3 50. Nd1+ Ke2 51. Nxf2 Kxf2 52.
Kf4 Ke2 53. Ke4 c3 54. h4 Kd2 55. h5 {[Remainder illegible; 0-1, 60?]} 0-1

[Event "Lansing (MOR/5/28)"]
[Site "?"]
[Date "1996.??.??"]
[Round "?"]
[White "Goerke, Jesse"]
[Black "Raupp, Helene"]
[Result "0-1"]
[WhiteElo "1605"]
[BlackElo "1605"]
[PlyCount "120"]
[EventDate "1996.??.??"]

{5/(28)} 1. e4 e6 2. Nf3 d5 3. exd5 exd5 4. Qe2+ Be7 5. Nc3 Nf6 6. d4 O-O 7.
Qd3 Re8 8. Be2 Bg4 9. O-O Bb4 10. Bd1 Ne4 11. Re1 Nxc3 12. Rxe8+ Qxe8 13. bxc3
Bxf3 14. Bxf3 Qe1+ 15. Qf1 Qxc3 16. Bxd5 c6 17. Qe2 Qe1+ 18. Qxe1 Bxe1 19. Bc4
Bc3 20. Rb1 b5 21. Bf4 Nd7 22. Be2 Re8 23. Bf3 Nf6 24. Bxc6 Re2 25. Bxb5 Rxc2
26. Bd6 Rb2 27. Rxb2 Bxb2 28. Be5 Nd5 29. Bb8 Bxd4 30. Bc4 Nf6 31. h3 Ne4 32.
Bf4 Bxf2+ 33. Kf1 Bc5 34. Bd5 Nc3 35. Ke1 Nxd5 36. Bd2 Bb4 37. Bxb4 Nxb4 38. a4
f5 39. Ke2 Kf7 40. Ke3 Nc6 41. Kf4 Ke6 42. Ke3 g5 43. Kd3 Kd5 44. Kc3 h5 45.
Kd3 Nb4+ 46. Ke3 Kc4 47. h4 Nd5+ 48. Kf2 g4 49. g3 Kb4 50. Ke2 Kxa4 51. Kd2 Kb3
52. Kc1 a5 53. Kb1 a4 54. Kc1 a3 55. Kb1 Nc3+ 56. Ka1 Ne2 57. Kb1 a2+ 58. Ka1
Kc3 59. Kxa2 Nxg3 60. Kb1 Kd2 0-1

[Event "Lansing (MOR/1a/12)"]
[Site "?"]
[Date "1996.??.??"]
[Round "?"]
[White "Goerke, Jesse"]
[Black "Post, Robert"]
[Result "0-1"]
[WhiteElo "1605"]
[BlackElo "1635"]
[PlyCount "104"]
[EventDate "1996.??.??"]

1. e4 g6 2. Nf3 Bg7 3. Bc4 d6 4. d3 Nf6 5. Bg5 O-O 6. h3 h6 7. Bh4 g5 8. Bg3
Nh5 9. Bh2 Bxb2 10. Nxg5 Nf6 11. Nf3 Bxa1 12. c3 d5 13. exd5 Nxd5 14. Qd2 Kh7
15. d4 Bf5 16. g4 Bxb1 17. Bd3+ Bxd3 18. Qxd3+ Kg7 19. g5 Bxc3+ 20. Kd1 h5 21.
Be5+ Kg8 22. Rg1 Qd7 23. Nh4 Qa4+ 24. Ke2 Nc6 25. g6 f6 26. g7 Rf7 27. Nf5 Rxg7
28. Rxg7+ Kf8 29. Bxc7 Nxd4+ 30. Nxd4 Qxd4 31. Qxd4 Bxd4 32. Rh7 Nxc7 33. Rxh5
Kg7 34. Rh4 Rd8 35. Rg4+ Kf7 36. h4 f5 37. Rf4 e6 38. h5 Bf6 39. Rf3 Nd5 40.
Rb3 b6 41. Kf3 Rh8 42. Ra3 a5 43. Rd3 Rxh5 44. Kg2 Nf4+ 45. Kf3 Nxd3 46. Kg2
Bd4 47. Kf1 Nxf2 48. Kg1 Rh1+ 49. Kg2 Ra1 50. Kg3 Rxa2 51. Kh2 Ng4+ 52. Kh1
Rh2# 0-1

[Event "Lansing (MOR/7/34)"]
[Site "?"]
[Date "1996.??.??"]
[Round "?"]
[White "Goerke, Jesse"]
[Black "McNair, Shawn"]
[Result "0-1"]
[WhiteElo "1605"]
[BlackElo "1605"]
[PlyCount "69"]
[EventDate "1996.??.??"]

{7/(34)} 1. e4 c5 2. Nf3 e6 3. Nc3 Nc6 4. d4 cxd4 5. Nxd4 d6 6. Nxc6 bxc6 7.
Qf3 Bb7 8. e5 dxe5 9. Ba6 Qc7 10. Nb5 Qb8 11. Bxb7 Qxb7 12. O-O Qxb5 13. Re1
Bd6 14. Qg3 Nf6 15. Qxg7 Rg8 16. Qxf6 Rg6 17. Qh8+ Bf8 18. Qxe5 Qb7 19. Qh8 c5
20. f3 Qxf3 21. g3 c4 22. Qxh7 Bc5+ 23. Re3 Bxe3+ 24. Bxe3 Qxe3+ 25. Kg2 Qe4+
26. Kh3 Rxg3+ 27. hxg3 Qxh7+ 28. Kg2 Qxc2+ 29. Kh3 Ke7 30. Rf1 Qxb2 31. g4 Qxa2
32. g5 Rh8+ 33. Kg4 Qe2+ 34. Kg3 Qxf1 35. g6 0-1

[Event "Detroit (WCO/1/9)"]
[Site "?"]
[Date "1996.??.??"]
[Round "?"]
[White "Goerke, Jesse"]
[Black "Marson, Michael"]
[Result "0-1"]
[WhiteElo "1605"]
[BlackElo "1665"]
[PlyCount "78"]
[EventDate "1996.??.??"]

{1/(9)} 1. e4 e6 2. Nf3 d5 3. Nc3 c5 4. Bb5+ Bd7 5. Bxd7+ Qxd7 6. exd5 exd5 7.
Qe2+ Be7 8. d3 Nf6 9. Bg5 O-O 10. Bxf6 Bxf6 11. O-O Nc6 12. h3 Rfe8 13. Qd2 Re7
14. Rfe1 Rae8 15. Rxe7 Rxe7 16. Re1 a6 17. Rxe7 Bxe7 18. Qe3 d4 19. Ne5 Nxe5
20. Qxe5 dxc3 21. Qxc3 h6 22. a3 Qb5 23. d4 Bf6 24. Qe3 cxd4 25. Qd3 Qxb2 26.
Qe2 Qxa3 27. Qe8+ Qf8 28. Qxf8+ Kxf8 29. Kf1 Ke7 30. Ke2 Kd6 31. Kd3 b5 32. g4
a5 33. Kd2 Kc5 34. Kc1 Kc4 35. Kb2 d3+ 36. c3 Bxc3+ 37. Kb1 Kb3 38. g5 d2 39.
gxh6 d1=Q# 0-1

[Event "Lansing (MOR/3/27)"]
[Site "?"]
[Date "1996.??.??"]
[Round "?"]
[White "Goerke, Jesse"]
[Black "Khraizat, Ali"]
[Result "0-1"]
[WhiteElo "1605"]
[BlackElo "1605"]
[PlyCount "80"]
[EventDate "1996.??.??"]

{3/(27)} 1. e4 c5 2. Nf3 Nc6 3. d4 cxd4 4. Nxd4 e6 5. Nxc6 bxc6 6. Bc4 d5 7.
exd5 cxd5 8. Bb5+ Bd7 9. Bxd7+ Qxd7 10. O-O Bc5 11. b3 Nf6 12. Nd2 O-O 13. Bb2
Qe7 14. Qf3 Rac8 15. c4 Bb4 16. Bc3 Bxc3 17. Qxc3 Rfd8 18. Rad1 Qc5 19. h3 Rd7
20. Rfe1 Rcd8 21. Re2 dxc4 22. Qxc4 Qg5 23. Qc2 Qh5 24. Kf1 Qg5 25. a4 Nh5 26.
g3 Qf6 27. Rde1 Nxg3+ 28. Kg2 Nxe2 29. Rxe2 Qg5+ 30. Kf1 Rxd2 31. Rxd2 Qxd2 32.
Qxd2 Rxd2 33. Ke1 Rb2 34. a5 Rxb3 35. a6 f5 36. f4 Ra3 37. h4 Rxa6 38. h5 Ra4
39. h6 gxh6 40. Ke2 Rxf4 0-1

[Event "Detroit (Class DE/4/17)"]
[Site "?"]
[Date "1996.??.??"]
[Round "?"]
[White "Goerke, Jesse"]
[Black "Floyd, J."]
[Result "1-0"]
[WhiteElo "1605"]
[BlackElo "1605"]
[PlyCount "100"]
[EventDate "1996.??.??"]

{4/(17)} 1. e4 e5 2. Nf3 Nc6 3. Nc3 Bb4 4. Bb5 d6 5. Bxc6+ bxc6 6. d3 Bxc3+ 7.
bxc3 Rb8 8. d4 Ba6 9. dxe5 Qe7 10. exd6 Qxe4+ 11. Be3 Rd8 12. Qd4 Qxc2 13. Bd2
Qg6 14. Qe3+ Kf8 15. dxc7 Re8 16. Ne5 Qf5 17. f4 f6 18. Qc5+ Ne7 19. g4 Qe6 20.
Qxa7 fxe5 21. Qxa6 exf4+ 22. Qe2 Qd6 23. Qf2 Ng6+ 24. Kd1 Qxc7 25. Qc5+ Ne7 26.
Rf1 Qd7 27. Rxf4+ Kg8 28. Qc4+ Nd5 29. h4 Re6 30. Rf3 h6 31. Rb1 Rf6 32. Rb8+
Kh7 33. Qe4+ g6 34. Rxh8+ Kxh8 35. Qd4 Qg7 36. Rxf6 Qxf6 37. Qxf6+ Nxf6 38. g5
hxg5 39. hxg5 Ne4 40. a4 Kg7 41. a5 Nc5 42. Be3 Ne4 43. Bd4+ Kf7 44. a6 c5 45.
Bxc5 Nxc3+ 46. Kc2 Nb5 47. a7 Nxa7 48. Bxa7 Ke6 49. Kd2 Kf5 50. Be3 Kg4 1-0

[Event "Howell (US Am N/5/40)"]
[Site "?"]
[Date "1996.??.??"]
[Round "?"]
[White "Goerke, Jesse"]
[Black "Dolin, Jack"]
[Result "1-0"]
[WhiteElo "1605"]
[BlackElo "1605"]
[PlyCount "122"]
[EventDate "1996.??.??"]

{5/(40)} 1. e4 c5 2. Nf3 e6 3. Nc3 Nc6 4. Bc4 d6 5. d3 g6 6. Bg5 Be7 7. Bxe7
Qxe7 8. O-O Nf6 9. d4 cxd4 10. Nxd4 O-O 11. Ndb5 Rd8 12. Qd2 a6 13. Na3 b5 14.
Bxb5 axb5 15. Naxb5 Ba6 16. Rfe1 Rab8 17. Nd4 Nxd4 18. Qxd4 e5 19. Qa4 Qb7 20.
b3 Qb6 21. h3 Rdc8 22. Re3 Bb7 23. Qb5 Qd4 24. Rd3 Qc5 25. Qxc5 dxc5 26. f3 Rd8
27. Rad1 Rxd3 28. Rxd3 Kf8 29. Na4 Rc8 30. Rd6 Ke7 31. Rb6 Ba8 32. Ra6 Nd7 33.
Ra7 Kd6 34. Ra6+ Bc6 35. Nc3 Kc7 36. Ra7+ Kb6 37. Ra3 Ra8 38. Rxa8 Bxa8 39. a4
Bb7 40. Kf2 Ba6 41. Nd5+ Ka5 42. Ke1 c4 43. Kd2 cxb3 44. cxb3 Bf1 45. Ne3 Ba6
46. Nd5 Nc5 47. b4+ Kxa4 48. bxc5 Bb7 49. Nf6 h5 50. Nd7 f6 51. Nxf6 Kb4 52.
Nd7 g5 53. Nxe5 Kxc5 54. Ke3 Bc8 55. g4 hxg4 56. hxg4 Kd6 57. Nf7+ Ke6 58.
Nxg5+ Kf6 59. Kf4 Ba6 60. e5+ Ke7 61. Nh7 Be2 1-0

[Event "Howell (US Am N/2/45)"]
[Site "?"]
[Date "1996.??.??"]
[Round "?"]
[White "Goerke, Jesse"]
[Black "Avery, Bill"]
[Result "1-0"]
[WhiteElo "1605"]
[BlackElo "1605"]
[PlyCount "131"]
[EventDate "1996.??.??"]

{2/(45)} 1. e4 d5 2. e5 c5 3. Nf3 Nc6 4. Nc3 e6 5. d3 f6 6. exf6 Nxf6 7. Bg5
Be7 8. d4 O-O 9. Bb5 a6 10. Bxc6 bxc6 11. Ne5 Qb6 12. dxc5 Bxc5 13. O-O Bd6 14.
Bxf6 Rxf6 15. Ng4 Rf7 16. Qd3 Bd7 17. Ne4 Bxh2+ 18. Kxh2 dxe4 19. Qd6 Qb8 20.
Qxb8+ Rxb8 21. b3 Rbf8 22. Rae1 Bc8 23. Rxe4 Re7 24. f3 Rd8 25. Rf2 Bb7 26.
Rfe2 Bc8 27. Ne5 Bb7 28. Nc4 Rde8 29. Nd6 Rb8 30. Nxb7 Rbxb7 31. Rxe6 Rxe6 32.
Rxe6 Rc7 33. a4 Kf7 34. Re4 Rd7 35. Re5 Kf6 36. Ra5 Rd2 37. c4 Rb2 38. Rxa6
Rxb3 39. Rxc6+ Kf7 40. Rc5 Rb7 41. a5 Ke7 42. Rb5 Ra7 43. Rh5 h6 44. Kh3 Kd6
45. Kg4 Rc7 46. Rd5+ Kc6 47. Kf5 Rb7 48. Rb5 Re7 49. a6 Ra7 50. Kg6 Rd7 51. g3
Ra7 52. Ra5 Kb6 53. Ra4 Kc5 54. f4 Kb6 55. f5 Kc5 56. g4 Kd4 57. f6 gxf6 58.
Kxf6 Ra8 59. Kg7 Ke4 60. Kxh6 Kf4 61. Kg6 Rg8+ 62. Kf6 Kxg4 63. Ke6 Kf4 64. Kd6
Ke3 65. a7 Ra8 66. Kc7 1-0

[Event "Detroit (WCO/5/14)"]
[Site "?"]
[Date "1996.??.??"]
[Round "?"]
[White "Goerke, Jesse"]
[Black "Aguilar, Javier"]
[Result "0-1"]
[WhiteElo "1605"]
[BlackElo "1605"]
[PlyCount "133"]
[EventDate "1996.??.??"]

{5/(14)} 1. e4 c5 2. Nf3 d6 3. Nc3 g6 4. Bc4 Nf6 5. d3 Bg7 6. Bg5 O-O 7. O-O
Nc6 8. h3 a6 9. a3 b5 10. Bxf6 Bxf6 11. Bd5 Bb7 12. d4 Qb6 13. Bxc6 Bxc6 14.
dxc5 Qxc5 15. Qd3 Rac8 16. Rfe1 Rfd8 17. Qe3 Qc4 18. Qd3 Qc5 19. Qe3 Bb7 20.
Qxc5 Rxc5 21. Re3 Rdc8 22. Nd2 Bxc3 23. bxc3 Rxc3 24. Rxc3 Rxc3 25. f3 Rxc2 26.
Nb3 Ba8 27. a4 b4 28. a5 e6 29. Ra4 Rc4 30. Nd2 Rd4 31. Nb3 Rc4 32. Nd2 Rc1+
33. Kf2 Kg7 34. Rxb4 Ra1 35. Nc4 d5 36. exd5 Bxd5 37. Nb6 Rxa5 38. Nxd5 Rxd5
39. Ra4 a5 40. g4 Kf6 41. Rf4+ Ke7 42. h4 Rd2+ 43. Kg3 Ra2 44. h5 a4 45. hxg6
hxg6 46. g5 a3 47. Ra4 Ra1 48. Ra7+ Kf8 49. Ra8+ Kg7 50. Kf2 a2 51. Ke2 e5 52.
Ra5 Kf8 53. Kd2 Rf1 54. Ra8+ Kg7 55. Rxa2 Rf2+ 56. Ke3 Rxa2 57. Kd3 Ra4 58. Ke3
f6 59. gxf6+ Kxf6 60. f4 Rxf4 61. Ke2 g5 62. Ke3 g4 63. Ke2 g3 64. Ke3 g2 65.
Ke2 g1=Q 66. Kd3 Qg3+ 67. Kd2 0-1

[Event "Lansing (MOR/5/50)"]
[Site "?"]
[Date "1996.??.??"]
[Round "?"]
[White "Goerke, Daniel"]
[Black "Tobias, D."]
[Result "1-0"]
[WhiteElo "1605"]
[BlackElo "1605"]
[PlyCount "57"]
[EventDate "1996.??.??"]

{5/(50)} 1. e4 Nf6 2. Nc3 Nc6 3. Nf3 e6 4. Bb5 d5 5. Bxc6+ bxc6 6. exd5 exd5 7.
O-O Ba6 8. Re1+ Be7 9. Ne5 O-O 10. Nxc6 Qd6 11. Nxe7+ Kh8 12. Nf5 Qc6 13. d3
Bb7 14. f3 Qc5+ 15. Be3 d4 16. Bxd4 Qxf5 17. g4 Qd5 18. Nxd5 Nxd5 19. Qe2 Rfe8
20. Qd2 Nf6 21. Rxe8+ Rxe8 22. Re1 Rf8 23. Qb4 Nd7 24. Qxb7 h6 25. Qxc7 Nf6 26.
Bxf6 gxf6 27. Qe7 Kg8 28. Qxa7 Kg7 29. Qd7 1-0

[Event "Detroit (MI Team/3/3/3)"]
[Site "?"]
[Date "1996.??.??"]
[Round "?"]
[White "Goerke, Daniel"]
[Black "Smith, Mike A"]
[Result "0-1"]
[WhiteElo "1605"]
[BlackElo "1940"]
[PlyCount "40"]
[EventDate "1996.??.??"]

{3/3} 1. e4 c6 2. Nf3 d5 3. exd5 cxd5 4. Nc3 Bf5 5. d3 Nf6 6. Bg5 e6 7. Bf4 Bd6
8. Bxd6 Qxd6 9. Nb5 Qb4+ 10. Nc3 Qxb2 11. Ne2 Qb4+ 12. c3 Qd6 13. Ned4 Bg4 14.
h3 Bxf3 15. Qxf3 O-O 16. Nb5 Qc6 17. d4 a6 18. Na3 Qa4 19. c4 Qb4+ 20. Kd1 Qb2
0-1

[Event "Detroit (MI Action/5/16)"]
[Site "?"]
[Date "1996.??.??"]
[Round "?"]
[White "Goerke, Daniel"]
[Black "Shaw, L."]
[Result "0-1"]
[WhiteElo "1605"]
[BlackElo "1605"]
[PlyCount "42"]
[EventDate "1996.??.??"]

{5/(16)} 1. e4 c5 2. Nf3 Nc6 3. Bb5 e6 4. Bxc6 bxc6 5. Ne5 Bd6 6. d4 cxd4 7.
Qxd4 Bxe5 8. Qxe5 Ba6 9. Qxg7 Qa5+ 10. Nc3 O-O-O 11. Qxh8 e5 12. Qxh7 d5 13.
exd5 Nf6 14. Qxf7 Nxd5 15. Bd2 Nxc3 16. Bxc3 Qb5 17. Qf3 e4 18. Qe3 Qd5 19. Bd2
Qc4 20. O-O-O Qxa2 21. Qxa7 Qa1# 0-1

[Event "Howell (US Am N/3/49)"]
[Site "?"]
[Date "1996.??.??"]
[Round "?"]
[White "Goerke, Daniel"]
[Black "Nixon, Peter"]
[Result "0-1"]
[WhiteElo "1605"]
[BlackElo "1605"]
[PlyCount "56"]
[EventDate "1996.??.??"]

{3/(49)} 1. e4 c5 2. Nf3 Nc6 3. Nc3 g6 4. d4 cxd4 5. Nxd4 Bg7 6. Nxc6 Bxc3+ 7.
bxc3 bxc6 8. Bc4 d6 9. O-O Nf6 10. Qf3 Bb7 11. Bg5 O-O 12. Bxf6 exf6 13. Rfe1
Re8 14. Rad1 Re5 15. Re3 Qe7 16. Rd4 c5 17. Rdd3 Bxe4 18. Rxe4 Rxe4 19. Rd1 Re8
20. h3 Rxc4 21. Rd5 Qe1+ 22. Kh2 Qxc3 23. Qxf6 Qxf6 24. f3 Rxc2 25. a3 Qxf3 26.
Rg5 Ree2 27. Rg3 Rxg2+ 28. Kh1 Qf1# 0-1

[Event "Detroit (Beg/3/7)"]
[Site "?"]
[Date "1996.??.??"]
[Round "?"]
[White "Goerke, Daniel"]
[Black "Musulin, A."]
[Result "0-1"]
[WhiteElo "1605"]
[BlackElo "1605"]
[PlyCount "92"]
[EventDate "1996.??.??"]

{3/(7)} 1. e4 e5 2. Nf3 Nc6 3. Bc4 Nf6 4. Ng5 Nxe4 5. Nxf7 Qh4 6. g3 Qf6 7. Qe2
Bc5 8. d4 Nxd4 9. Nxh8 Nxe2 10. Bxe2 Qxf2+ 11. Kd1 a5 12. Rf1 Qxh2 13. Bd3 Nf2+
14. Kd2 d6 15. Bxh7 Bg4 16. Nc3 Bd4 17. Nb5 Qxg3 18. Re1 e4 19. Nxd4 e3+ 20.
Rxe3+ Qxe3+ 21. Kxe3 Nh3 22. Nb5 Kd7 23. Ng6 Re8+ 24. Kd2 Re2+ 25. Kc3 c5 26.
Nf8+ Kc6 27. Na7+ Kd5 28. Bd3 Re1 29. Bc4+ Ke4 30. Nb5 d5 31. Bd3+ Kf3 32. Kd2
Rg1 33. Be2+ Kg3 34. Bxg4 Kxg4 35. Ne6 c4 36. Ned4 Rg2+ 37. Ne2 Nf4 38. Nbc3
Kf3 39. Kd1 Nxe2 40. Nxe2 Rxe2 41. Bd2 g5 42. c3 g4 43. Kc2 g3 44. Rf1+ Kg4 45.
Re1 Rf2 {[White played the illegal 46.Be3. 0-1, 93?]} 46. Re3 Rf5 0-1

[Event "Detroit (MI Action/4/18)"]
[Site "?"]
[Date "1996.??.??"]
[Round "?"]
[White "Goerke, Daniel"]
[Black "Maldonado, Florentino"]
[Result "1-0"]
[WhiteElo "1605"]
[BlackElo "1605"]
[PlyCount "53"]
[EventDate "1996.??.??"]

{4/(18)} 1. e4 e5 2. Nf3 Nc6 3. Bb5 Qf6 4. Bxc6 Qxc6 5. d4 Qxe4+ 6. Be3 exd4 7.
O-O dxe3 8. fxe3 Nf6 9. Nc3 Qe6 10. Ng5 Qd6 11. Qxd6 Bxd6 12. Nb5 O-O 13. e4
Bc5+ 14. Kh1 c6 15. Nc7 Rb8 16. e5 Ng4 17. Rf4 Nxe5 18. b4 Bd6 19. Rh4 h6 20.
Ne4 Bxc7 21. Rf1 d5 22. Nc5 g5 23. Rxh6 b6 24. Na6 Bxa6 25. Rf5 Rbe8 26. g3 Ng4
27. Rxg5# 1-0

[Event "Lansing (MOR/1a/31)"]
[Site "?"]
[Date "1996.??.??"]
[Round "?"]
[White "Goerke, Daniel"]
[Black "Liu, Zhong"]
[Result "1/2-1/2"]
[WhiteElo "1605"]
[BlackElo "1605"]
[PlyCount "118"]
[EventDate "1996.??.??"]

1. e4 e5 2. Nf3 Nc6 3. Bb5 a6 4. Bxc6 dxc6 5. Nxe5 Qd4 6. Nf3 Qxe4+ 7. Kf1 Bg4
8. h3 Bh5 9. Kg1 O-O-O 10. g4 Bxg4 11. hxg4 Qxg4+ 12. Kf1 Nf6 13. Rg1 Qh3+ 14.
Rg2 Qh1+ 15. Rg1 Qh3+ 16. Rg2 Bc5 17. Ng5 Qh4 18. Qf3 h6 19. Qf5+ Kb8 20. Qxc5
hxg5 21. Qxg5 Qc4+ 22. d3 Qxc2 23. Qd2 Qxd3+ 24. Qxd3 Rxd3 25. Rxg7 Rd1+ 26.
Ke2 Rxc1 27. Kd2 Rhh1 28. Rxf7 Nd5 29. f4 Rxb1 30. Rxb1 Rxb1 31. Kc2 Rf1 32. f5
Ne3+ 33. Kb3 Nxf5 34. Kc3 Rf3+ 35. Kd2 Nd4 36. Rxf3 Nxf3+ 37. Ke2 Nd4+ 38. Kd3
c5 39. b4 b6 40. bxc5 bxc5 41. Kc4 Ne2 42. Kxc5 Nc3 43. a3 Kb7 44. Kb4 Nd5+ 45.
Kc4 Ne3+ 46. Kd3 Nf5 47. Ke4 Nd6+ 48. Kd4 Kb6 49. Kc3 Kb5 50. Kb3 c5 51. a4+
Ka5 52. Ka3 c4 53. Kb2 Kxa4 54. Kc3 a5 55. Kd2 Kb4 56. Kc2 c3 57. Kb1 a4 58.
Ka2 Nb5 59. Ka1 a3 1/2-1/2

[Event "Howell (US Am N/4/51)"]
[Site "?"]
[Date "1996.??.??"]
[Round "?"]
[White "Goerke, Daniel"]
[Black "Holladay, Jason"]
[Result "0-1"]
[WhiteElo "1605"]
[BlackElo "1605"]
[PlyCount "54"]
[EventDate "1996.??.??"]

{4/(51)} 1. e4 e5 2. Nf3 Nc6 3. Bb5 Nf6 4. d3 d5 5. exd5 Nxd5 6. Bxc6+ bxc6 7.
Nxe5 Bd6 8. Nxc6 Qf6 9. Bd2 Bd7 10. Bc3 Qe6+ 11. Ne5 Bxe5 12. O-O O-O 13. Re1
Nxc3 14. bxc3 Rfe8 15. Na3 Qg6 16. d4 Bd6 17. Rxe8+ Rxe8 18. Nc4 Bg4 19. Qb1
Bh3 20. g3 Qg4 21. Ne3 Qf3 22. Qf1 Bxf1 23. Kxf1 Qh1+ 24. Ke2 Qxa1 25. Kd3 Qxa2
26. Nd5 Qxd5 27. c4 Qf3+ {[White played the illegal 28.Kc3. 0-1, 37?]} 0-1

[Event "Howell (US Am N/1/41)"]
[Site "?"]
[Date "1996.??.??"]
[Round "?"]
[White "Goerke, Daniel"]
[Black "Grzegorczyk, Ron"]
[Result "0-1"]
[WhiteElo "1605"]
[BlackElo "1655"]
[PlyCount "92"]
[EventDate "1996.??.??"]

{1/(41)} 1. e4 c5 2. Nf3 Nc6 3. d4 cxd4 4. Nxd4 e6 5. Nxc6 bxc6 6. Nc3 Nf6 7.
Bg5 Be7 8. e5 Nd5 9. Nxd5 Bxg5 10. Nc3 O-O 11. Bd3 Bh6 12. O-O f6 13. Qe2 fxe5
14. Qxe5 d6 15. Qe4 g6 16. Qxc6 Rb8 17. Nb5 Rb6 18. Qc3 Bg7 19. Qa3 a6 20. Na7
Bxb2 21. Qa4 Bxa1 22. Rxa1 Qd7 23. Qxd7 Bxd7 24. Be4 d5 25. Rd1 Ra8 26. Bf3
Rxa7 27. h3 Rb2 28. Rd2 Rxa2 29. Rxd5 Rxc2 30. Rd6 a5 31. Bg4 a4 32. Bd1 Rc1
33. Kh2 a3 34. Bb3 Rb1 35. Rb6 Kg7 36. Bxe6 Bxe6 37. Rxb1 a2 38. Ra1 Rb7 39.
Re1 Kf7 40. Ra1 Rb1 41. Rxa2 Bxa2 42. Kg3 Kf6 43. f4 Kf5 44. h4 Bd5 45. Kh3 h5
46. g3 Rh1# 0-1

[Event "Detroit (WCO/3/21)"]
[Site "?"]
[Date "1996.??.??"]
[Round "?"]
[White "Goerke, Daniel"]
[Black "Duque, C."]
[Result "1/2-1/2"]
[WhiteElo "1605"]
[BlackElo "1605"]
[PlyCount "135"]
[EventDate "1996.??.??"]

{3/(21)} 1. e4 e6 2. Nf3 Nc6 3. d3 Nf6 4. Bg5 Be7 5. Nc3 d5 6. Bf4 O-O 7. exd5
Nxd5 8. Nxd5 exd5 9. d4 Bf5 10. Bd3 Bb4+ 11. c3 Qe7+ 12. Be3 Bxd3 13. Qxd3 Bd6
14. Ng5 g6 15. O-O Nd8 16. Rfe1 Re8 17. Nf3 Qf6 18. Bg5 Rxe1+ 19. Rxe1 Qf5 20.
Qxf5 gxf5 21. Bf6 Ne6 22. Ng5 Nf4 23. g3 Nd3 24. Re2 f4 25. gxf4 Nxf4 26. Re1
Nh5 27. Be7 Bxe7 28. Rxe7 Rc8 29. Rxf7 h6 30. Rf5 c6 31. Nf7 Ng7 32. Rf6 h5 33.
Nh6+ Kh7 34. Nf7 Rf8 35. Ng5+ Kg8 36. Nf7 Rxf7 37. Rd6 Nf5 38. Rd8+ Kg7 39. Rb8
Nd6 40. Rd8 Nc4 41. b3 Nd2 42. Rb8 Ne4 43. c4 dxc4 44. bxc4 Nxf2 45. Re8 Nd1
46. Re5 Nc3 47. Rxh5 Nxa2 48. Rg5+ Kf8 49. Ra5 Rf4 50. Rxa2 Rxd4 51. Rxa7 Rxc4
52. Rxb7 c5 53. Rb8+ Ke7 54. Kg2 Rc2+ 55. Kh3 c4 56. Kg3 c3 57. h4 Rd2 58. Rc8
Rd3+ 59. Kg4 Kd7 60. Rc4 Kd6 61. h5 Kd5 62. Rc8 Kd4 63. h6 Rd2 64. Kg5 Kd3 65.
Rd8+ Ke3 66. Rxd2 cxd2 67. h7 d1=Q 68. h8=Q 1/2-1/2

[Event "Detroit (WCO/5/25)"]
[Site "?"]
[Date "1996.??.??"]
[Round "?"]
[White "Goerke, Daniel"]
[Black "Cunningham, Craig"]
[Result "0-1"]
[WhiteElo "1605"]
[BlackElo "1605"]
[PlyCount "100"]
[EventDate "1996.??.??"]

{5/(25)} 1. e4 e5 2. Nf3 Nc6 3. Bb5 Qf6 4. Bxc6 Qxc6 5. Nxe5 Qxe4+ 6. Qe2 Qxe2+
7. Kxe2 d6 8. Nf3 Bg4 9. Re1 Be7 10. Kf1 Bxf3 11. gxf3 Rd8 12. Nc3 c6 13. b3
Rd7 14. Bb2 Nf6 15. Ne4 Nxe4 16. fxe4 O-O 17. f3 Re8 18. Ke2 d5 19. Rg1 f6 20.
Rg4 g6 21. f4 f5 22. exf5 Bf6+ 23. Be5 Bxe5 24. fxe5 Rxe5+ 25. Kd1 Rxf5 26. Ra4
Rf1+ 27. Ke2 Rxa1 28. Rxa7 Re7+ 29. Kd3 Rh1 30. a4 Rxh2 31. a5 Rh3+ 32. Kd4 Kf7
33. a6 bxa6 34. Rxa6 Re2 35. Rxc6 Rxd2+ 36. Kc5 Rxc2+ 37. Kxd5 Rxc6 38. Kxc6
Rxb3 39. Kd5 Re3 40. Kd4 Re1 41. Kd5 h5 42. Kd4 h4 43. Kd5 h3 44. Kd4 h2 45.
Kd5 h1=Q+ 46. Kd4 Qe4+ 47. Kc3 Qd5 48. Kb4 Rb1+ 49. Ka4 Qb5+ 50. Ka3 Qb3# 0-1